00467cam a22001811 4500001001300000003000400013005001700017008004100034010001700075040001800092050002300110100002200133245004800155260002100203300001100224650003300235999001700268ltf91035466 DLC20260227111552.0910328s1911 mx l 000 0 spa  altf91035466  aDLCcDLCdDLC00aKGF1629b.B46 19111 aBenítez, Justo.10aNuestras leyes sobre propriedad industrial. aMéxico,c1911. a101 p. 0aIndustrial propertyzMexico. c37552d37552